| 000 | 00542nam a2200181 a 4500 | ||
|---|---|---|---|
| 001 | 000021357 | ||
| 005 | 20200930011316.0 | ||
| 008 | 100906s1979 ve r 000 | spa d | ||
| 040 |
_aDO-SdBNP _bspa _cBNPHU |
||
| 082 |
_a863.64 _bF363e |
||
| 100 | 1 |
_aFernández Molina, Antonio, _d1927-2005 _99195 |
|
| 245 | 1 | 0 |
_aEn cejunta y Gamud / _cA. F. Molina. |
| 260 |
_aCaracas : _bMonte Avila Editores, _c1979. |
||
| 300 |
_a65 p. ; _c19 cm. |
||
| 650 | 4 |
_aCuentos españoles _93194 |
|
| 650 | 4 |
_aLiteratura española _ySIGLO XX _93326 |
|
| 049 | _aBNGR | ||
| 999 |
_c20857 _d20857 |
||